Confident Converstations (Record no. 10571)

MARC details
000 -LEADER
fixed length control field 00385nam a22001697a 4500
003 - CONTROL NUMBER IDENTIFIER
control field OSt
008 - FIXED-LENGTH DATA ELEMENTS--GENERAL INFORMATION
fixed length control field 210325b ||||| |||| 00| 0 eng d
020 ## - INTERNATIONAL STANDARD BOOK NUMBER
International Standard Book Number 9788188452491
082 ## - DEWEY DECIMAL CLASSIFICATION NUMBER
Classification number 658.452
Item number DEC
100 ## - MAIN ENTRY--PERSONAL NAME
Personal name DEHAVEN, Bred
245 ## - TITLE STATEMENT
Title Confident Converstations
250 ## - EDITION STATEMENT
Edition statement 1st
260 ## - PUBLICATION, DISTRIBUTION, ETC. (IMPRINT)
Place of publication, distribution, etc Mumbai
Name of publisher, distributor, etc Embassy Books
Date of publication, distribution, etc 200
300 ## - PHYSICAL DESCRIPTION
Extent 83
650 ## - SUBJECT ADDED ENTRY--TOPICAL TERM
Topical term or geographic name as entry element General
942 ## - ADDED ENTRY ELEMENTS (KOHA)
Source of classification or shelving scheme Dewey Decimal Classification
Koha item type Text Books
Holdings
Withdrawn status Lost status Source of classification or shelving scheme Damaged status Not for loan Collection code Home library Current library Date acquired Source of acquisition Currency Cost, normal purchase price Bill Number Total Checkouts Full call number Acc. no. / Barcode Date last seen Actual Cost, discounted price Bill Date Koha item type Public note Date last borrowed
    Dewey Decimal Classification     GENERAL PIET C-LIBRARY PIET C-LIBRARY 17/03/2021 Kirti Praskshan IN Rupees 125.00 IN1865   658.452 DEC 32679 25/03/2021 93.75 17/03/2021 Text Books Competition  
    Dewey Decimal Classification     GENERAL PIET C-LIBRARY PIET C-LIBRARY 17/03/2021 Kirti Praskshan IN Rupees 125.00 IN1865   658.452 DEC 32680 25/03/2021 93.75 17/03/2021 Text Books Motivational  
    Dewey Decimal Classification     GENERAL PIET C-LIBRARY PIET C-LIBRARY 17/03/2021 Kirti Praskshan IN Rupees 125.00 IN1865 1 658.452 DEC 32681 17/01/2022 93.75 17/03/2021 Text Books Motivational 03/01/2022
    Dewey Decimal Classification     GENERAL PIET C-LIBRARY PIET C-LIBRARY 17/03/2021 Kirti Praskshan IN Rupees 125.00 IN1865 3 658.452 DEC 32682 21/03/2023 93.75 17/03/2021 Text Books Motivational 04/03/2023
    Dewey Decimal Classification     GENERAL PIET C-LIBRARY PIET C-LIBRARY 17/03/2021 Kirti Praskshan IN Rupees 125.00 IN1865 1 658.452 DEC 32683 07/02/2022 93.75 17/03/2021 Text Books Motivational 27/12/2021
    Dewey Decimal Classification     GENERAL PIET C-LIBRARY PIET C-LIBRARY 17/03/2021 Kirti Praskshan IN Rupees 125.00 IN1865 1 658.452 DEC 32684 13/05/2022 93.75 17/03/2021 Text Books Competition 29/04/2022

Design & Developed by: PIET Central Library
R70 Miles Stone Pattikalyana Samalkha Panipat 132102
mail ID :- [email protected], Phone No:- 0180-2569700 Ex.216